An historical discourse, on the civil and religious affairs of the colony of Rhode-Island. (Record no. 52464)

MARC details
000 -LEADER
fixed length control field 01579cam a22003371 4500
001 - CONTROL NUMBER
control field rc 01002944
003 - CONTROL NUMBER IDENTIFIER
control field DLC
005 - DATE AND TIME OF LATEST TRANSACTION
control field 20260227111908.0
007 - PHYSICAL DESCRIPTION FIXED FIELD--GENERAL INFORMATION
fixed length control field cr_|||||||||||
008 - FIXED-LENGTH DATA ELEMENTS--GENERAL INFORMATION
fixed length control field 800916s1843 mauh 000 0 eng
010 ## - LIBRARY OF CONGRESS CONTROL NUMBER
LC control number rc 01002944
035 ## - SYSTEM CONTROL NUMBER
System control number (OCoLC)6718986
040 ## - CATALOGING SOURCE
Original cataloging agency DLC
Transcribing agency NAlU
Modifying agency OCoLC
-- DLC
042 ## - AUTHENTICATION CODE
Authentication code premarc
043 ## - GEOGRAPHIC AREA CODE
Geographic area code n-us-ri
050 00 - LIBRARY OF CONGRESS CALL NUMBER
Classification number F82
Item number .C15
100 1# - MAIN ENTRY--PERSONAL NAME
Personal name Callender, John,
Dates associated with a name 1706-1748.
245 03 - TITLE STATEMENT
Title An historical discourse, on the civil and religious affairs of the colony of Rhode-Island.
Statement of responsibility, etc. By John Callender, M.A. With a memoir of the author; biographical notices of some of his distinguished contemporaries; and annotations and original documents illustrative of the history of Rhode-Island and Providence Plantations, from the first settlement to the end of the first century. By Romeo Elton
250 ## - EDITION STATEMENT
Edition statement 3d. ed.
260 ## - PUBLICATION, DISTRIBUTION, ETC.
Place of publication, distribution, etc. Boston,
Name of publisher, distributor, etc. T. H. Webb & company;
Place of publication, distribution, etc. New York,
Name of publisher, distributor, etc. Bartlett & Welford; [etc., etc.]
Date of publication, distribution, etc. 1843.
300 ## - PHYSICAL DESCRIPTION
Extent viii, [9]-270 p.
Other physical details facsim.
Dimensions 22 cm.
500 ## - GENERAL NOTE
General note Added t.-p.: The early history of Rhode-Island.
500 ## - GENERAL NOTE
General note 1st edition, Boston, 1739.
500 ## - GENERAL NOTE
General note Also issued, Providence, 1838, as v. 4, Collections of the Rhode Island historical society.
530 ## - ADDITIONAL PHYSICAL FORM AVAILABLE NOTE
Additional physical form available note Also available in digital form on the Internet Archive Web site.
651 #0 - SUBJECT ADDED ENTRY--GEOGRAPHIC NAME
Geographic name Rhode Island
General subdivision History
Chronological subdivision Colonial period, ca. 1600-1775.
651 #0 - SUBJECT ADDED ENTRY--GEOGRAPHIC NAME
Geographic name Rhode Island
General subdivision Church history.
700 1# - ADDED ENTRY--PERSONAL NAME
Personal name Elton, Romeo,
Dates associated with a name 1790-1870,
Relator term ed.
710 2# - ADDED ENTRY--CORPORATE NAME
Corporate name or jurisdiction name as entry element Rhode Island Historical Society.
856 41 - ELECTRONIC LOCATION AND ACCESS
Uniform Resource Identifier <a href="http://hdl.loc.gov/loc.gdc/scd0001.00126088140">http://hdl.loc.gov/loc.gdc/scd0001.00126088140</a>

No items available.

Powered by Koha